<?xml version="1.0" encoding="UTF-8"?>
<record
    xmlns:xsi="http://www.w3.org/2001/XMLSchema-instance"
    xsi:schemaLocation="http://www.loc.gov/MARC21/slim http://www.loc.gov/standards/marcxml/schema/MARC21slim.xsd"
    xmlns="http://www.loc.gov/MARC21/slim">

  <leader>01488nam a2200253 i 4500</leader>
  <controlfield tag="001">016200001779728</controlfield>
  <controlfield tag="003">CZ PrSKC</controlfield>
  <controlfield tag="005">20260511085707.0</controlfield>
  <controlfield tag="008">260506s2026    xr            ||| | cze  </controlfield>
  <datafield tag="020" ind1=" " ind2=" ">
    <subfield code="a">9788028411817</subfield>
    <subfield code="c">K&#x10D; 399,00</subfield>
  </datafield>
  <datafield tag="040" ind1=" " ind2=" ">
    <subfield code="a">JHG001</subfield>
    <subfield code="b">cze</subfield>
    <subfield code="e">rda</subfield>
  </datafield>
  <datafield tag="072" ind1=" " ind2="7">
    <subfield code="a">821.162.3-3</subfield>
    <subfield code="x">&#x10C;esk&#xE1; pr&#xF3;za</subfield>
    <subfield code="2">Konspekt</subfield>
  </datafield>
  <datafield tag="100" ind1="1" ind2=" ">
    <subfield code="a">Trpkov&#xE1;, Krist&#xFD;na,</subfield>
    <subfield code="d">1996-</subfield>
    <subfield code="4">aut</subfield>
    <subfield code="9">13806</subfield>
  </datafield>
  <datafield tag="245" ind1="1" ind2="0">
    <subfield code="a">P&#x159;&#xED;b&#x11B;hy z pitevny /</subfield>
    <subfield code="c">Krist&#xFD;na Trpkov&#xE1;, Pavel Toupal&#xED;k</subfield>
  </datafield>
  <datafield tag="250" ind1=" " ind2=" ">
    <subfield code="a">Vyd&#xE1;n&#xED; prvn&#xED;</subfield>
  </datafield>
  <datafield tag="264" ind1=" " ind2="1">
    <subfield code="a">Praha :</subfield>
    <subfield code="b">Euromedia Group,</subfield>
    <subfield code="c">2026</subfield>
  </datafield>
  <datafield tag="300" ind1=" " ind2=" ">
    <subfield code="a">156 stran ;</subfield>
    <subfield code="c">21 cm</subfield>
  </datafield>
  <datafield tag="520" ind1="2" ind2=" ">
    <subfield code="a">Uzn&#xE1;van&#xFD; soudn&#xED; l&#xE9;ka&#x159; Pavel Toupal&#xED;k a princezna &#x10D;esk&#xE9; krimi Krist&#xFD;na Trpkov&#xE1; spojili s&#xED;ly, aby &#x10D;ten&#xE1;&#x159;&#x16F;m p&#x159;ibl&#xED;&#x17E;ili, co se doopravdy d&#x11B;je za oponou pitevn&#xED;ch s&#xE1;l&#x16F;. Jak&#xE1; je vlastn&#x11B; pr&#xE1;ce soudn&#xED;ho znalce v na&#x161;&#xED; zemi? Jak moc se realita na &#x10D;esk&#xFD;ch pitevn&#xE1;ch li&#x161;&#xED; od toho, co vid&#xED;me v televizi a &#x10D;teme v knih&#xE1;ch? Jsou podlahy na pitevn&#xE1;ch v&#xE1;&#x17E;n&#x11B; tak dokonale nabl&#xFD;skan&#xE9; a &#x10D;ist&#xE9; jako na obrazovk&#xE1;ch? Jak&#xFD; byl nejbrut&#xE1;ln&#x11B;j&#x161;&#xED; &#x10D;in, ke kter&#xE9;mu byl Pavel za svou kari&#xE9;ru p&#x159;ivol&#xE1;n? Pro&#x10D; odborn&#xED;ci z tohoto oboru nedaj&#xED; dopustit na sv&#x16F;j pov&#x11B;stn&#xFD; &#x10D;ern&#xFD; humor? A na jak&#xE9; ob&#x11B;ti se ani po v&#xED;c ne&#x17E; t&#x159;icetilet&#xE9; praxi a des&#xED;tk&#xE1;ch tis&#xED;c&#x16F; proveden&#xFD;ch pitev stejn&#x11B; zvyknout ned&#xE1;?</subfield>
  </datafield>
  <datafield tag="655" ind1=" " ind2="7">
    <subfield code="a">&#x10D;esk&#xE9; rom&#xE1;ny</subfield>
  </datafield>
  <datafield tag="700" ind1="1" ind2=" ">
    <subfield code="a">Toupal&#xED;k, Pavel,</subfield>
    <subfield code="d">1966-</subfield>
    <subfield code="4">aut</subfield>
    <subfield code="9">20746</subfield>
  </datafield>
  <datafield tag="710" ind1="2" ind2=" ">
    <subfield code="a">Euromedia Group</subfield>
    <subfield code="4">pbl</subfield>
    <subfield code="9">20440</subfield>
  </datafield>
  <datafield tag="910" ind1=" " ind2=" ">
    <subfield code="a">ABG508</subfield>
  </datafield>
  <datafield tag="952" ind1=" " ind2=" ">
    <subfield code="1">0</subfield>
    <subfield code="2">udc</subfield>
    <subfield code="4">0</subfield>
    <subfield code="0"></subfield>
  </datafield>
  <datafield tag="999" ind1=" " ind2=" ">
    <subfield code="c">34265</subfield>
    <subfield code="d">34265</subfield>
  </datafield>
</record>
